| 000 | 00538 a2200193 4500 | ||
|---|---|---|---|
| 999 |
_c182843 _d182843 |
||
| 005 | 20211207172545.0 | ||
| 010 | _aENG-130226 | ||
| 020 |
_c50.00 _a978-93-87989-18-4 |
||
| 035 | _aEN-113758 | ||
| 037 | _bDBAD / PUB | ||
| 082 | _a181.4 | ||
| 100 | _aGehani, Mohan | ||
| 245 |
_aMakers of Indian Literature Sundri Uttamchandani: _cMohan Gehani |
||
| 250 | _a2018 | ||
| 260 |
_aNew Delhi _bSahitya Akademi _c2018 |
||
| 270 |
_bNew Delhi _e2018 |
||
| 300 |
_a101p. _c21cm (pbk) |
||
| 942 |
_adpl _cEN _2ddc _h181.4 _mGEH |
||